Central Library OPAC University of Rajshahi

গ্রীক দর্শন : প্রজ্ঞা ও প্রসার / (Record no. 44835)

MARC details
000 -LEADER
fixed length control field 00854nam a22002297a 4500
001 - CONTROL NUMBER
control field 44835
003 - CONTROL NUMBER IDENTIFIER
rucl marc code BD-RjUL
005 - DATE AND TIME OF LATEST TRANSACTION
control field 20211209053927.0
008 - FIXED-LENGTH DATA ELEMENTS--GENERAL INFORMATION
fixed length control field 160720s1975 bg ||||| |||| 00| 0 ben d
020 ## - INTERNATIONAL STANDARD BOOK NUMBER
Terms of availability : TK 13.00
035 ## - SYSTEM CONTROL NUMBER
System control number (BD-RjUL)44953
040 ## - CATALOGING SOURCE
Original cataloging agency BD-RjUL
Language of cataloging ben
Transcribing agency BD-RjUL
041 ## - LANGUAGE CODE
Language code of text/sound track or separate title ben
082 ## - DEWEY DECIMAL CLASSIFICATION NUMBER
Edition number 23
Classification number 182
Author mark and year HAG 1975
100 ## - MAIN ENTRY--PERSONAL NAME
Personal name হালিম, মোহাম্মদ আবদুল
9 (RLIN) 124755
245 10 - TITLE STATEMENT
Title গ্রীক দর্শন : প্রজ্ঞা ও প্রসার /
Statement of responsibility, etc. মোহাম্মদ আবদুল হালিম
260 ## - PUBLICATION, DISTRIBUTION, ETC. (IMPRINT)
Place of publication, distribution, etc. ঢাকা :
Name of publisher, distributor, etc. বাংলা একাডেমী,
Date of publication, distribution, etc. ১৯৭৫
300 ## - PHYSICAL DESCRIPTION
Pagination [১২], ২১৬ পৃ. ;
Size ২১ সেমি.
650 ## - SUBJECT ADDED ENTRY--TOPICAL TERM
Topical term or geographic name as entry element গ্রীক দর্শন
9 (RLIN) 137408
Topical term or geographic name as entry element Philosophy of Greek
9 (RLIN) 137409
942 ## - ADDED ENTRY ELEMENTS (KOHA)
Source of classification or shelving scheme Dewey Decimal Classification
Koha item type Books
Holdings
Lost status Source of classification or shelving scheme Damaged status Not for loan Collection code Permanent Location Current Location Shelving location Date acquired Source of acquisition Cost, normal purchase price Total Checkouts Full call number Date last seen Date checked out Copy number Koha item type
  Dewey Decimal Classification     Non-fiction Central Library, University of Rajshahi Central Library, University of Rajshahi   29/04/1976 Aligorh Library, Rajshahi 13.00 1 B 182 HAG 1975 14/09/2017 02/08/2017 C-2 Books